[Event "IRT 54 Aniversario Villa Martelli"]
[Site "Villa Martelli, Bs As"]
[Date "2008.07.08"]
[Round "1"]
[White "Martinez, Daniel2"]
[Black "Espinoza Palomino , Willyam"]
[Result "1/2-1/2"]
[WhiteElo "2115"]
[BlackElo "2130"]
[PlyCount "103"]
[EventDate "2008.07.08"]
[SourceDate "2008.07.15"]

1. e4 e5 2. Nf3 Nc6 3. Bc4 Bc5 4. c3 Nf6 5. d3 d6 6. Nbd2 O-O 7. h3 Be6 8. O-O
Bb6 9. Ng5 Bxc4 10. Nxc4 d5 11. Nxb6 axb6 12. Qc2 h6 13. Nf3 dxe4 14. dxe4 Qe7
15. Be3 Rfd8 16. Nh4 Rd7 17. Nf5 Qe6 18. b3 Rad8 19. Ng3 Ne7 20. Rad1 Ng6 21.
f3 Qc6 22. Ne2 Nf8 23. Rxd7 Qxd7 24. Rc1 Ne6 25. Kf1 Qd3 26. Qxd3 Rxd3 27. Kf2
Nd7 28. Rc2 Ndc5 29. Nc1 Rd8 30. Rd2 Rxd2+ 31. Bxd2 Kf8 32. Ke2 Ke7 33. Be3 Kd6
34. Bxc5+ bxc5 35. g3 g6 36. Nd3 b5 37. Nf2 b4 38. Nd1 h5 39. h4 c6 40. Ke3 Nc7
41. g4 Ne6 42. Nb2 Nf4 43. Nc4+ Ke6 44. cxb4 cxb4 45. gxh5 gxh5 46. Nd2 c5 47.
Nf1 Ng2+ 48. Kf2 Nxh4 49. Ng3 Ng6 50. Nxh5 Ne7 51. Ng7+ Kd7 52. Ke3 1/2-1/2

[Event "IRT 54 Aniversario Villa Martelli"]
[Site "Villa Martelli, Bs As"]
[Date "2008.07.08"]
[Round "1"]
[White "Chiari, Arthur Gontijo"]
[Black "Pradines, Emmanuel"]
[Result "0-1"]
[WhiteElo "1795"]
[BlackElo "1911"]
[PlyCount "64"]
[EventDate "2008.07.08"]
[SourceDate "2008.07.15"]

1. e4 c5 2. Nc3 e6 3. f4 d5 4. Bb5+ Bd7 5. Bxd7+ Qxd7 6. d3 Nc6 7. Nf3 d4 8.
Ne2 Nf6 9. O-O O-O-O 10. a3 Ng4 11. Bd2 a6 12. Qe1 Ne3 13. Bxe3 dxe3 14. Nc3
Nd4 15. Rc1 Nxf3+ 16. Rxf3 Qc7 17. Qxe3 c4 18. Kh1 Bc5 19. Qe2 Rd4 20. Rd1 Be7
21. e5 Rhd8 22. Ne4 Qc6 23. c3 cxd3 24. Nd6+ R4xd6 25. Rfxd3 Rxd3 26. Rxd3 Rxd3
27. Qxd3 Qd7 28. Qc2 Qb5 29. c4 Qa5 30. h3 Qe1+ 31. Kh2 Bc5 32. h4 Qxh4# 0-1

[Event "IRT 54 Aniversario Villa Martelli"]
[Site "Villa Martelli, Bs As"]
[Date "2008.07.08"]
[Round "1"]
[White "Crespo, Eugenio"]
[Black "Amed, Stephanie"]
[Result "0-1"]
[WhiteElo "2057"]
[BlackElo "2099"]
[PlyCount "82"]
[EventDate "2008.07.08"]
[SourceDate "2008.07.15"]

1. e4 e6 2. d4 d5 3. exd5 exd5 4. Nf3 Nf6 5. Bd3 Bd6 6. O-O O-O 7. Bg5 Bg4 8.
Nbd2 Nbd7 9. c3 c6 10. Qc2 Qc7 11. Rfe1 Rfe8 12. h3 Bh5 13. Re3 Bg6 14. Rae1
Rxe3 15. Rxe3 c5 16. Bxg6 hxg6 17. dxc5 Bxc5 18. Re2 a6 19. Nb3 Bd6 20. Qd3 b5
21. Nbd2 Rb8 22. Nf1 Qc4 23. Qxc4 dxc4 24. Be3 Kf8 25. Bd4 Nc5 26. Bxc5 Bxc5
27. N1d2 Rd8 28. g4 Nd5 29. Re5 Bb6 30. Ne4 Bc7 31. Nc5 Bxe5 32. Nxe5 Nc7 33.
Nf3 Rd1+ 34. Kg2 Ra1 35. a4 Ra2 36. axb5 axb5 37. b3 cxb3 38. Nxb3 Nd5 39. Ne5
Nxc3 40. Nd7+ Ke7 41. Ndc5 Nd1 0-1

[Event "IRT 54 Aniversario Villa Martelli"]
[Site "Villa Martelli, Bs As"]
[Date "2008.07.08"]
[Round "1"]
[White "Bassan, Remo"]
[Black "Aguinaga, Maximiliano"]
[Result "0-1"]
[WhiteElo "2109"]
[BlackElo "1969"]
[PlyCount "116"]
[EventDate "2008.07.08"]
[SourceDate "2008.07.15"]

1. e4 c5 2. Nf3 Nc6 3. d4 cxd4 4. Nxd4 e5 5. Nb5 a6 6. Nd6+ Bxd6 7. Qxd6 Qf6 8.
Qd1 Qg6 9. Nc3 Nge7 10. h4 h5 11. g3 d5 12. Bg2 d4 13. Ne2 Be6 14. O-O f5 15.
c3 Bc4 16. b3 Bxe2 17. Qxe2 O-O-O 18. exf5 Qxf5 19. cxd4 exd4 20. Bf4 Ng6 21.
Bg5 Rhe8 22. Qxh5 Rd6 23. Kh2 Kb8 24. Rac1 Rh8 25. Bh3 Qxh3+ 26. Kxh3 Rxh5 27.
f4 Kc8 28. Rfe1 Kd7 29. Rc5 d3 30. Rf5 Nd4 31. Rf7+ Kc6 32. f5 Ne5 33. Rc1+ Kd5
34. Rxg7 Nxf5 35. Rxb7 Rh8 36. Bf4 Re6 37. Rd1 Ng6 38. Bg5 Kc6 39. Rf7 Nd6 40.
Rf3 Ne4 41. Bf4 Nxf4+ 42. Rxf4 d2 43. Kg2 Rd8 44. g4 Kb5 45. a4+ Kb4 46. Kf3
Rd4 47. g5 Kxb3 48. Rxe4 Rexe4 49. Rxd2 Rxd2 50. Kxe4 Rh2 51. g6 Rxh4+ 52. Kf5
Rh1 53. a5 Kb4 54. Kf6 Kxa5 55. g7 Rg1 56. Kf7 Kb4 57. g8=Q Rxg8 58. Kxg8 a5
0-1

[Event "IRT 54 Aniversario Villa Martelli"]
[Site "Villa Martelli, Bs As"]
[Date "2008.07.09"]
[Round "2"]
[White "Gonzalez Gimenez, Jose Ignacio"]
[Black "Bassan, Remo"]
[Result "0-1"]
[WhiteElo "1737"]
[BlackElo "2109"]
[PlyCount "126"]
[EventDate "2008.07.08"]
[SourceDate "2008.07.15"]

1. d4 Nf6 2. Nf3 g6 3. Bf4 Bg7 4. e3 d5 5. Be2 c5 6. c4 Nc6 7. Nc3 cxd4 8. Nxd4
O-O 9. Nxc6 bxc6 10. O-O Qa5 11. Qa4 Qb6 12. Qa3 Re8 13. Be5 e6 14. c5 Qd8 15.
Qa4 Bb7 16. a3 Bf8 17. b4 Nd7 18. Bg3 Qf6 19. Rac1 e5 20. Bf3 Qe6 21. Rfd1 f5
22. Nxd5 Nb6 23. cxb6 axb6 24. Qb3 cxd5 25. Bxd5 Bxd5 26. Rxd5 Rxa3 27. Qxa3
Qxd5 28. Qa6 Qd2 29. Qc4+ Kh8 30. b5 Bc5 31. h3 Kg7 32. Kf1 g5 33. Qc3 Qd5 34.
Qc4 Qd7 35. Qc3 Qxb5+ 36. Kg1 Kf6 37. Qc2 f4 38. exf4 exf4 39. Qxh7 fxg3 40.
Qh6+ Kf5 41. Qh7+ Kf6 42. Qh6+ Ke7 43. Qg7+ Kd8 44. Qxg5+ Kc8 45. Qg4+ Qd7 46.
Qxg3 Qc7 47. Qg4+ Kb8 48. Qg5 Qe7 49. Qg3+ Qe5 50. Qb3 Bxf2+ 51. Kxf2 Qf4+ 52.
Qf3 Qd2+ 53. Kg1 Qxc1+ 54. Kh2 Qc7+ 55. Qg3 Qxg3+ 56. Kxg3 b5 57. h4 b4 58. h5
b3 59. Kg4 b2 60. Kg5 b1=Q 61. g4 Rg8+ 62. Kh6 Qb7 63. g5 Qg7# 0-1

[Event "IRT 54 Aniversario Villa Martelli"]
[Site "Villa Martelli, Bs As"]
[Date "2008.07.09"]
[Round "2"]
[White "Amed, Stephanie"]
[Black "Bernal, Gustavo"]
[Result "1-0"]
[WhiteElo "2099"]
[BlackElo "2105"]
[PlyCount "75"]
[EventDate "2008.07.08"]
[SourceDate "2008.07.15"]

1. e4 c5 2. Nf3 Nc6 3. d4 cxd4 4. Nxd4 Qb6 5. Nb3 Nf6 6. Nc3 e6 7. Bd3 d6 8.
O-O Be7 9. Be3 Qc7 10. f4 Bd7 11. a4 O-O 12. Qf3 Nb4 13. Qg3 Nxd3 14. cxd3 Kh8
15. Rac1 Qd8 16. Bd4 Bc6 17. Kh1 Ne8 18. Nd2 f6 19. Nf3 Nc7 20. b4 e5 21. Bg1
Ne6 22. f5 Nf4 23. b5 Be8 24. Rfd1 Rc8 25. Be3 Rxc3 26. Rxc3 Ne2 27. Qe1 Nxc3
28. Qxc3 d5 29. Qc2 d4 30. Bd2 Ba3 31. Bc1 Bd6 32. Bd2 Bf7 33. Rc1 Ba3 34. Ra1
Qe7 35. Bc1 Bb4 36. Bd2 Bc3 37. Bxc3 Rc8 38. Bb4 1-0

[Event "IRT 54 Aniversario Villa Martelli"]
[Site "Villa Martelli, Bs As"]
[Date "2008.07.09"]
[Round "2"]
[White "Pradines, Emmanuel"]
[Black "Crespo, Eugenio"]
[Result "0-1"]
[WhiteElo "1911"]
[BlackElo "2057"]
[PlyCount "98"]
[EventDate "2008.07.08"]
[SourceDate "2008.07.15"]

1. e4 e6 2. d3 d5 3. Nd2 Nf6 4. g3 c5 5. Bg2 Nc6 6. Ngf3 Be7 7. O-O b5 8. a3
Bb7 9. Re1 dxe4 10. dxe4 O-O 11. Qe2 Qb6 12. e5 Nd7 13. Nf1 Nd4 14. Nxd4 Bxg2
15. Nf5 exf5 16. Kxg2 f6 17. exf6 Bxf6 18. Qf3 Kh8 19. Qd5 Rad8 20. Re6 Qc7 21.
Bf4 Qc8 22. Qb3 Qb7+ 23. Kg1 g5 24. Bd6 Rf7 25. Rae1 Bd4 26. Re8+ Rxe8 27.
Rxe8+ Kg7 28. c4 Nf6 29. Be5 bxc4 30. Qxc4 Qxb2 31. Bxd4 Qxd4 32. Qe6 Nxe8 33.
Qxe8 f4 34. g4 c4 35. Qb5 h6 36. h4 gxh4 37. g5 hxg5 38. Qxg5+ Kf8 39. Qxh4
Qg7+ 40. Ng3 Qa1+ 41. Kg2 Qf6 42. Qg4 fxg3 43. Qc8+ Kg7 44. Qg4+ Qg6 45. Qd4+
Kh6 46. Qh8+ Qh7 47. Qb8 Qe4+ 48. Kh3 Qf5+ 49. Kh4 Qf4+ 0-1

[Event "IRT 54 Aniversario Villa Martelli"]
[Site "Villa Martelli, Bs As"]
[Date "2008.07.09"]
[Round "2"]
[White "Martinez, Daniel2"]
[Black "Chiari, Arthur Gontijo"]
[Result "1-0"]
[WhiteElo "2115"]
[BlackElo "1795"]
[PlyCount "129"]
[EventDate "2008.07.08"]
[SourceDate "2008.07.15"]

1. d4 Nf6 2. Nf3 g6 3. e3 Bg7 4. Bd3 d5 5. Nbd2 O-O 6. O-O b6 7. Qe2 c5 8. c3
cxd4 9. exd4 e6 10. Ne5 Nbd7 11. Ndf3 Nxe5 12. Nxe5 Nd7 13. Nf3 Qc7 14. Bg5 Bb7
15. Bh4 a6 16. Bg3 Qc8 17. h4 a5 18. h5 Ba6 19. hxg6 hxg6 20. a4 Bxd3 21. Qxd3
Qc4 22. Qxc4 dxc4 23. Nd2 Rac8 24. Rfe1 Nf6 25. Ne4 Nxe4 26. Rxe4 Rfd8 27. Bf4
Rd5 28. Kf1 Bf8 29. Ke2 Bd6 30. Be3 Re8 31. Kf3 g5 32. Rg4 f6 33. Rh1 Kg7 34.
Ke2 Kg6 35. f4 b5 36. fxg5 fxg5 37. axb5 Rxb5 38. Bc1 Rf8 39. Re4 Kf5 40. Re3
Bf4 41. Rf3 Ke4 42. Kd1 Rfb8 43. Re1+ Kd5 44. Bxf4 gxf4 45. Re5+ Kd6 46. Rxb5
Rxb5 47. Kc2 Rg5 48. Rxf4 Rxg2+ 49. Kb1 Kd5 50. Rf8 Kc6 51. Rc8+ Kb5 52. Rc5+
Ka4 53. Ka2 Re2 54. Rxc4+ Kb5 55. Kb3 Re1 56. Rc5+ Kb6 57. Kc4 Rb1 58. b3 Rc1
59. Re5 Kc7 60. Rxe6 Ra1 61. Ra6 Kb7 62. Kb5 Ra3 63. Rxa5 Rxb3+ 64. Kc4 Rb6 65.
Rb5 1-0

[Event "IRT 54 Aniversario Villa Martelli"]
[Site "Villa Martelli, Bs As"]
[Date "2008.07.10"]
[Round "3"]
[White "Chiari, Arthur Gontijo"]
[Black "Espinoza Palomino , Willyam"]
[Result "0-1"]
[WhiteElo "1795"]
[BlackElo "2130"]
[PlyCount "70"]
[EventDate "2008.07.08"]
[SourceDate "2008.07.15"]

1. e4 e5 2. Nf3 Nc6 3. Bc4 Bc5 4. c3 Nf6 5. d3 d6 6. h3 O-O 7. Bg5 h6 8. Bh4 g5
9. Nxg5 hxg5 10. Bxg5 Kg7 11. Qf3 Be6 12. Nd2 Rg8 13. Nf1 Nb8 14. Ne3 Nbd7 15.
Bxe6 fxe6 16. Ng4 Kg6 17. Nh6 Rh8 18. g4 Qf8 19. h4 Rxh6 20. Bxh6 Qxh6 21. g5
Qh5 22. Qh3 Rf8 23. gxf6 Rxf6 24. Rf1 Kf7 25. f3 Rf4 26. Qg3 Qh6 27. Ke2 Nf6
28. Rad1 Rxh4 29. d4 Rh3 30. Qg1 Bb6 31. Rf2 exd4 32. cxd4 e5 33. Qf1 Bxd4 34.
Rxd4 exd4 35. Kd1 Rh1 0-1

[Event "IRT 54 Aniversario Villa Martelli"]
[Site "Villa Martelli, Bs As"]
[Date "2008.07.10"]
[Round "3"]
[White "Crespo, Eugenio"]
[Black "Martinez, Daniel2"]
[Result "0-1"]
[WhiteElo "2057"]
[BlackElo "2115"]
[PlyCount "90"]
[EventDate "2008.07.08"]
[SourceDate "2008.07.15"]

1. e4 d5 2. exd5 Qxd5 3. Nc3 Qa5 4. d4 Nf6 5. Nf3 c6 6. Bd2 Qc7 7. Bd3 e6 8.
O-O Bd6 9. Qe2 Nbd7 10. Rfe1 Bf4 11. Ne4 Nxe4 12. Bxe4 Nf6 13. Bd3 Bd7 14. c4
O-O 15. Bc3 Bh6 16. Bc2 g6 17. d5 Bg7 18. Be5 Qc8 19. dxe6 Bxe6 20. Ng5 Bf5 21.
c5 Bxc2 22. Qxc2 Qg4 23. f4 Nd5 24. Bxg7 Kxg7 25. g3 Nxf4 26. Qc3+ Kg8 27. Ne4
Nd5 28. Qb3 f5 29. Nd6 Qd4+ 30. Kh1 Qxc5 31. Nxb7 Qb6 32. Qxb6 axb6 33. a3 Rf6
34. g4 fxg4 35. Rf1 Raf8 36. Rxf6 Rxf6 37. Kg2 h5 38. Re1 h4 39. Nd8 Nf4+ 40.
Kg1 Nh3+ 41. Kh1 Rf2 42. b4 g3 43. Re8+ Kg7 44. hxg3 hxg3 45. Re7+ Kf8 0-1

[Event "IRT 54 Aniversario Villa Martelli"]
[Site "Villa Martelli, Bs As"]
[Date "2008.07.10"]
[Round "3"]
[White "Bernal, Gustavo"]
[Black "Pradines, Emmanuel"]
[Result "1/2-1/2"]
[WhiteElo "2105"]
[BlackElo "1911"]
[PlyCount "120"]
[EventDate "2008.07.08"]
[SourceDate "2008.07.15"]

1. d4 Nf6 2. c4 g6 3. Nc3 Bg7 4. e4 d6 5. f3 O-O 6. Be3 e5 7. d5 Nh5 8. Qd2 f5
9. O-O-O f4 10. Bf2 Nd7 11. Bd3 Rf7 12. Nge2 Qf8 13. Kb1 Bh6 14. Bc2 Nhf6 15.
Nc1 g5 16. Nd3 b6 17. b4 a5 18. a3 axb4 19. axb4 Ba6 20. Bb3 Rb8 21. Kb2 g4 22.
Ra1 Qc8 23. Ra3 Ra8 24. Rha1 Bf8 25. Nb5 Qb7 26. Nxc7 Qxc7 27. Rxa6 Rxa6 28.
Rxa6 Qb7 29. Ra2 gxf3 30. gxf3 Rg7 31. Ra1 Kh8 32. Rg1 Rg6 33. Rxg6 hxg6 34.
Bh4 Kg7 35. Qg2 b5 36. Qh3 bxc4 37. Bxc4 Qb6 38. Bf2 Qc7 39. Bb3 Nb6 40. Qf1
Nc4+ 41. Bxc4 Qxc4 42. Qe2 g5 43. h3 Nh5 44. Qc2 Qb5 45. Kb3 Kf6 46. Qc4 Qd7
47. Qc6 Qxh3 48. Nxe5 Qf1 49. Ng4+ Kf7 50. Qd7+ Be7 51. Qe6+ Kf8 52. Qh6+ Ng7
53. Bd4 Qxf3+ 54. Bc3 Qxg4 55. Qxg7+ Ke8 56. Qg8+ Kd7 57. Qb8 Qd1+ 58. Ka3 Qc1+
59. Kb3 Qb1+ 60. Ka3 Qc1+ 1/2-1/2

[Event "IRT 54 Aniversario Villa Martelli"]
[Site "Villa Martelli, Bs As"]
[Date "2008.07.10"]
[Round "3"]
[White "Bassan, Remo"]
[Black "Amed, Stephanie"]
[Result "1/2-1/2"]
[WhiteElo "2109"]
[BlackElo "2099"]
[PlyCount "192"]
[EventDate "2008.07.08"]
[SourceDate "2008.07.15"]

1. e4 e6 2. d4 d5 3. Nc3 Bb4 4. e5 c5 5. a3 Bxc3+ 6. bxc3 Qc7 7. Qg4 f6 8. Bb5+
Kf8 9. Ne2 a6 10. Ba4 c4 11. Rb1 b5 12. Qf3 Nc6 13. Bxb5 axb5 14. Rxb5 Qf7 15.
Rc5 Bd7 16. Nf4 Re8 17. Qe2 fxe5 18. dxe5 Qf5 19. Be3 Nge7 20. O-O Qxe5 21. Qg4
Qf5 22. Qg3 Qf7 23. Nh3 Nf5 24. Qc7 h6 25. Rxc6 Bxc6 26. Qxc6 Kg8 27. Rb1 Kh7
28. Bb6 Rhf8 29. Bc5 Rc8 30. Qb5 Rfe8 31. a4 Qc7 32. Bb6 Qc6 33. Qb4 e5 34. a5
d4 35. cxd4 exd4 36. Qd2 Qd5 37. f3 Qd6 38. Nf2 Qg6 39. Ne4 Nh4 40. Qf2 Nxf3+
41. Qxf3 Qxe4 42. Qxe4+ Rxe4 43. a6 d3 44. cxd3 cxd3 45. Rd1 Re2 46. a7 Ra2 47.
Be3 Rcc2 48. Kf1 Rcb2 49. Bd4 Rb4 50. Be3 Rb7 51. a8=Q Rxa8 52. Rxd3 Rf8+ 53.
Ke2 Rb2+ 54. Rd2 Rxd2+ 55. Bxd2 h5 56. Be3 Kg6 57. Bf2 Kf5 58. Kf3 Rb8 59. g3
Rb3+ 60. Kg2 Ke4 61. Bc5 Rb2+ 62. Kh3 Rc2 63. Be7 Kf3 64. Bd8 Ke4 65. Be7 Kf3
66. Bg5 Re2 67. Bd8 g6 68. Bf6 Ke4 69. Bd8 Rd2 70. Bg5 Rd5 71. Kh4 Kf5 72. Be7
Rd2 73. Kh3 g5 74. g4+ hxg4+ 75. Kg3 Rd3+ 76. Kg2 Kf4 77. Bb4 Rb3 78. Bd6+ Kf5
79. Be7 Rd3 80. Bb4 Kf4 81. Ba5 Ra3 82. Bc7+ Kf5 83. Bd6 Rd3 84. Bb4 g3 85. h3
g4 86. h4 Kg6 87. Be7 Kh5 88. Bf6 Rf3 89. Bg5 Ra3 90. Be7 Rc3 91. Bf6 Rb3 92.
Bg5 Kg6 93. Be7 Kf5 94. Bd6 Rd3 95. Be7 Ke4 96. Bc5 Rb3 1/2-1/2

[Event "IRT 54 Aniversario Villa Martelli"]
[Site "Villa Martelli, Bs As"]
[Date "2008.07.10"]
[Round "3"]
[White "Aguinaga, Maximiliano"]
[Black "Gonzalez Gimenez, Jose Ignacio"]
[Result "1-0"]
[WhiteElo "1969"]
[BlackElo "1737"]
[PlyCount "107"]
[EventDate "2008.07.08"]
[SourceDate "2008.07.15"]

1. c4 Nf6 2. Nc3 e6 3. g3 d5 4. cxd5 exd5 5. d4 Bf5 6. Bg2 Be7 7. Nf3 O-O 8.
Qb3 b6 9. Bg5 c6 10. O-O h6 11. Bd2 Re8 12. Rac1 Ne4 13. Nxe4 Bxe4 14. Rfd1 Bf6
15. e3 Qd7 16. Qa3 Be7 17. Bb4 Bxb4 18. Qxb4 Qf5 19. Ne1 Qf6 20. Qa4 Qd6 21.
Nd3 Bxg2 22. Kxg2 f6 23. Nb4 Rc8 24. Qb3 Re8 25. Rd2 a5 26. Nd3 b5 27. Rdc2 Ra7
28. Nc5 Na6 29. Nxa6 Rxa6 30. Rc5 a4 31. Qa3 Rea8 32. Qc3 Rc8 33. Rxb5 Raa8 34.
Rb6 Rab8 35. Ra6 Qb4 36. Qxb4 Rxb4 37. a3 Rxb2 38. Rxa4 Ra2 39. Ra6 Rb8 40.
Raxc6 Rbb2 41. Rf1 Rxa3 42. Kf3 Rb4 43. Rd1 Ra5 44. Rc5 Rbb5 45. Rdc1 Kf7 46.
Rxb5 Rxb5 47. Rc5 Rxc5 48. dxc5 Ke6 49. e4 h5 50. Ke3 f5 51. exf5+ Kxf5 52. Kd4
Ke6 53. h4 g6 54. f4 1-0

[Event "IRT 54 Aniversario Villa Martelli"]
[Site "Villa Martelli, Bs As"]
[Date "2008.07.11"]
[Round "4"]
[White "Espinoza Palomino , Willyam"]
[Black "Gonzalez Gimenez, Jose Ignacio"]
[Result "1-0"]
[WhiteElo "2130"]
[BlackElo "1737"]
[PlyCount "155"]
[EventDate "2008.07.08"]
[SourceDate "2008.07.15"]

1. e4 e6 2. d4 d5 3. Nc3 Nf6 4. Bg5 dxe4 5. Nxe4 Be7 6. Bxf6 gxf6 7. Nf3 b6 8.
Bd3 Bb7 9. Qe2 c6 10. O-O-O Qc7 11. h4 Nd7 12. Rhe1 O-O-O 13. Ba6 Rhg8 14. g3
h6 15. Bxb7+ Kxb7 16. Qe3 f5 17. Ned2 Rh8 18. Nc4 Nf6 19. Nce5 Bd6 20. Kb1 Ne4
21. Nd3 Be7 22. Nd2 Bf6 23. c3 Nxd2+ 24. Rxd2 Qd6 25. Red1 Bg7 26. Ne5 Qc7 27.
Nf3 Rd6 28. Ne1 Re8 29. Nd3 f6 30. f4 Bf8 31. Re1 Rd7 32. Qf3 Rg7 33. Rde2 Qd6
34. Re3 Kc7 35. Nb4 Qd7 36. Nd3 Kb8 37. Kc2 Kc7 38. Qe2 Rge7 39. Nb4 Bg7 40.
Qa6 Kb8 41. Qc4 Kb7 42. Nd3 Qd6 43. a3 Qd7 44. Nb4 Bf8 45. Qa6+ Kb8 46. Qe2 Kc7
47. Qf3 Qd6 48. Nd3 Kd7 49. a4 Kc7 50. Qe2 a5 51. b3 Kb7 52. Nb2 Ka7 53. Qd3
Kb7 54. Nc4 Qd5 55. R3e2 Ka7 56. Ne3 Qd6 57. Rd1 Kb7 58. Nc4 Qd5 59. Rde1 Ka7
60. Ne3 Qd6 61. Kb2 Kb7 62. Nc2 Ka7 63. Qc4 Kb7 64. b4 e5 65. dxe5 fxe5 66.
fxe5 Rxe5 67. Rxe5 Rxe5 68. Rxe5 Qxe5 69. bxa5 bxa5 70. Nd4 Bc5 71. Qb3+ Bb6
72. Qf7+ Ka6 73. Qc4+ Kb7 74. Qxc6+ Ka7 75. Nb5+ Kb8 76. Qxb6+ Kc8 77. Qc6+ Kb8
78. Qd6+ 1-0

[Event "IRT 54 Aniversario Villa Martelli"]
[Site "Villa Martelli, Bs As"]
[Date "2008.07.11"]
[Round "4"]
[White "Pradines, Emmanuel"]
[Black "Bassan, Remo"]
[Result "1-0"]
[WhiteElo "1911"]
[BlackElo "2109"]
[PlyCount "83"]
[EventDate "2008.07.08"]
[SourceDate "2008.07.15"]

1. e4 c5 2. Nf3 Nc6 3. d4 cxd4 4. Nxd4 Nf6 5. Nc3 e5 6. Ndb5 d6 7. Bg5 a6 8.
Na3 b5 9. Nd5 Be7 10. Bxf6 Bxf6 11. c3 Bg5 12. Bd3 Ne7 13. Nxe7 Qxe7 14. Nc2
O-O 15. a4 bxa4 16. Rxa4 a5 17. Qe2 Qb7 18. b4 Bd7 19. Rxa5 Qc7 20. O-O Rxa5
21. bxa5 Qxa5 22. Nb4 Be6 23. Rb1 Qc5 24. c4 f5 25. exf5 Bxf5 26. Bxf5 Rxf5 27.
Nd5 Rf8 28. g3 Qd4 29. Rb6 Rd8 30. h4 Bh6 31. Rb7 Kh8 32. Rb6 Bc1 33. Rb7 Rf8
34. Rb1 Ba3 35. Qf3 Re8 36. Qxa3 Qxc4 37. Qxd6 Qc8 38. Qc7 Qa8 39. Rb7 Qa1+ 40.
Kg2 e4 41. Rb8 Qa4 42. Qc8 1-0

[Event "IRT 54 Aniversario Villa Martelli"]
[Site "Villa Martelli, Bs As"]
[Date "2008.07.11"]
[Round "4"]
[White "Martinez, Daniel2"]
[Black "Bernal, Gustavo"]
[Result "1/2-1/2"]
[WhiteElo "2115"]
[BlackElo "2105"]
[PlyCount "76"]
[EventDate "2008.07.08"]
[SourceDate "2008.07.15"]

1. e4 e5 2. Nf3 Nc6 3. Bb5 a6 4. Ba4 Nf6 5. Qe2 Be7 6. c3 b5 7. Bc2 O-O 8. O-O
d6 9. Rd1 Bb7 10. d3 Re8 11. Nbd2 Bf8 12. Nf1 h6 13. Ng3 g6 14. b3 Kh7 15. Bb2
d5 16. a4 b4 17. cxb4 Bxb4 18. h4 d4 19. Ba3 Bc3 20. Rab1 Bc8 21. b4 Bg4 22.
Bb3 Kg7 23. Qa2 Bxf3 24. gxf3 Nh7 25. Bd5 Qxh4 26. Kg2 Qf6 27. Rh1 Ng5 28. Qc4
Qxf3+ 29. Kg1 Nd8 30. Bxa8 Nde6 31. Bc6 Nf4 32. Rh2 Qg4 33. Bxe8 Ne2+ 34. Kf1
Nxg3+ 35. fxg3 Qf3+ 36. Rf2 Qh1+ 37. Ke2 Qh5+ 38. Kf1 Qh1+ 1/2-1/2

[Event "IRT 54 Aniversario Villa Martelli"]
[Site "Villa Martelli, Bs As"]
[Date "2008.07.11"]
[Round "4"]
[White "Chiari, Arthur Gontijo"]
[Black "Crespo, Eugenio"]
[Result "1-0"]
[WhiteElo "1795"]
[BlackElo "2057"]
[PlyCount "119"]
[EventDate "2008.07.08"]
[SourceDate "2008.07.15"]

1. e4 e6 2. d4 d5 3. exd5 exd5 4. Bd3 Nf6 5. h3 Bd6 6. Qf3 h6 7. Ne2 Nc6 8. c3
O-O 9. O-O Be6 10. Bf4 Bxf4 11. Nxf4 Qd7 12. Ne2 Ne7 13. Ng3 Ng6 14. Nd2 c6 15.
Rfe1 Nh7 16. Re2 Ng5 17. Qe3 Rae8 18. Rae1 Qc7 19. Bxg6 fxg6 20. Qd3 Qf7 21. h4
Nh7 22. Nf3 Bg4 23. Rxe8 Rxe8 24. Rxe8+ Qxe8 25. Ne5 Bh5 26. Nf1 g5 27. g4 Bf7
28. h5 Nf8 29. Qf5 Ne6 30. Ne3 Nf4 31. Ng2 Ne6 32. Ne3 Nf4 33. Ng2 Be6 34. Qc2
Qf8 35. Nxf4 Qxf4 36. Qe2 a5 37. Kg2 a4 38. a3 b6 39. f3 c5 40. Ng6 Qf6 41. Qe5
Qxe5 42. Nxe5 c4 43. Kf2 Kf8 44. Ke3 Ke7 45. f4 Kf6 46. f5 Bc8 47. Kf3 b5 48.
Nc6 Bd7 49. Nb4 Ke7 50. Nxd5+ Kd6 51. Nb4 Bc8 52. Ke4 Bb7+ 53. d5 Ba8 54. Kd4
Bb7 55. Ke4 Ba8 56. f6 gxf6 57. Kf5 Bb7 58. Kxf6 Bc8 59. Kg6 Bxg4 60. Kxh6 1-0

[Event "IRT 54 Aniversario Villa Martelli"]
[Site "Villa Martelli, Bs As"]
[Date "2008.07.13"]
[Round "5"]
[White "Crespo, Eugenio"]
[Black "Espinoza Palomino , Willyam"]
[Result "0-1"]
[WhiteElo "2057"]
[BlackElo "2130"]
[PlyCount "66"]
[EventDate "2008.07.08"]
[SourceDate "2008.07.15"]

1. e4 e5 2. Nf3 Nc6 3. Bb5 a6 4. Ba4 Nf6 5. Qe2 b5 6. Bb3 Be7 7. c3 O-O 8. O-O
d5 9. exd5 Nxd5 10. d4 exd4 11. Rd1 Bf6 12. Qe4 Be6 13. cxd4 Re8 14. Ne5 Na5
15. Bc2 g6 16. Qf3 Qd6 17. Bd2 Nb7 18. Nc3 Bxe5 19. dxe5 Qxe5 20. Re1 Qf6 21.
Qg3 Nd6 22. Nxd5 Bxd5 23. Bc3 Qd8 24. Qf4 b4 25. Bf6 Rxe1+ 26. Rxe1 Qf8 27. Bd4
Re8 28. Rxe8 Qxe8 29. h4 Qe1+ 30. Kh2 Qe6 31. Qg5 Ne8 32. b3 f6 33. Qg3 Qd6 0-1

[Event "IRT 54 Aniversario Villa Martelli"]
[Site "Villa Martelli, Bs As"]
[Date "2008.07.13"]
[Round "5"]
[White "Bassan, Remo"]
[Black "Martinez, Daniel2"]
[Result "1-0"]
[WhiteElo "2109"]
[BlackElo "2115"]
[PlyCount "49"]
[EventDate "2008.07.08"]
[SourceDate "2008.07.15"]

1. e4 e5 2. f4 exf4 3. Bc4 d6 4. Nf3 Be6 5. Bb3 Nd7 6. d4 Bxb3 7. axb3 g5 8. h3
Bg7 9. Qd3 a6 10. O-O Nh6 11. Nc3 O-O 12. Re1 Kh8 13. g3 f5 14. e5 dxe5 15.
dxe5 g4 16. e6 Nc5 17. Qxd8 Rfxd8 18. e7 Re8 19. Nh4 f3 20. Bxh6 Bxh6 21. Nxf5
Bg5 22. Nd5 Rac8 23. h4 c6 24. Nb6 Bxh4 25. Nxc8 1-0

[Event "IRT 54 Aniversario Villa Martelli"]
[Site "Villa Martelli, Bs As"]
[Date "2008.07.13"]
[Round "5"]
[White "Aguinaga, Maximiliano"]
[Black "Pradines, Emmanuel"]
[Result "1-0"]
[WhiteElo "1969"]
[BlackElo "1911"]
[PlyCount "43"]
[EventDate "2008.07.08"]
[SourceDate "2008.07.15"]

1. d4 Nf6 2. c4 g6 3. Nc3 Bg7 4. e4 d6 5. Be2 O-O 6. g4 e5 7. d5 Ne8 8. g5 f6
9. h4 c6 10. Be3 c5 11. Qd2 f5 12. exf5 gxf5 13. f4 e4 14. h5 h6 15. Nh3 Kh8
16. Bd1 Rg8 17. Qg2 Na6 18. Rg1 Bd7 19. a3 Nec7 20. g6 Qe7 21. Ng5 Ne8 22. Nf7+
1-0

[Event "IRT 54 Aniversario Villa Martelli"]
[Site "Villa Martelli, Bs As"]
[Date "2008.07.13"]
[Round "6"]
[White "Espinoza Palomino , Willyam"]
[Black "Amed, Stephanie"]
[Result "1-0"]
[WhiteElo "2130"]
[BlackElo "2099"]
[PlyCount "83"]
[EventDate "2008.07.08"]
[SourceDate "2008.07.15"]

1. e4 e6 2. d4 d5 3. Nc3 Bb4 4. e5 c5 5. a3 Bxc3+ 6. bxc3 Qc7 7. Nf3 Ne7 8. a4
b6 9. Bb5+ Bd7 10. Bd3 Nbc6 11. O-O c4 12. Be2 f6 13. Re1 O-O-O 14. Bf1 Rde8
15. g3 Nf5 16. Ba3 Kb7 17. Qd2 Ka8 18. Bh3 Bc8 19. exf6 gxf6 20. Bxf5 exf5 21.
Qh6 Qf7 22. Nh4 Rhg8 23. Ng2 Nd8 24. Rxe8 Rxe8 25. Ne3 Bd7 26. a5 b5 27. Qf4
Qe6 28. Qf3 Bc6 29. Nxf5 Rg8 30. Ne3 Nf7 31. Qf5 Qxf5 32. Nxf5 Re8 33. h4 Kb7
34. a6+ Kb8 35. Ne7 Kc7 36. Nf5 Kb8 37. Kf1 Bd7 38. Ne7 f5 39. Nxd5 Re6 40. Nb4
f4 41. Re1 Rf6 42. Nd5 1-0

[Event "IRT 54 Aniversario Villa Martelli"]
[Site "Villa Martelli, Bs As"]
[Date "2008.07.13"]
[Round "6"]
[White "Pradines, Emmanuel"]
[Black "Gonzalez Gimenez, Jose Ignacio"]
[Result "1-0"]
[WhiteElo "1911"]
[BlackElo "1737"]
[PlyCount "109"]
[EventDate "2008.07.08"]
[SourceDate "2008.07.15"]

1. e4 e6 2. d3 d5 3. Nd2 c5 4. g3 Nf6 5. Bg2 Nc6 6. Ngf3 Qc7 7. O-O b6 8. Re1
Be7 9. e5 Nd7 10. Qe2 g5 11. h3 h5 12. g4 hxg4 13. hxg4 Bb7 14. Nf1 O-O-O 15.
c3 Rdg8 16. d4 Kb8 17. b3 Nd8 18. Bb2 f6 19. c4 Rh6 20. dxc5 Bxc5 21. Rac1 fxe5
22. Nxe5 Qd6 23. Nxd7+ Qxd7 24. Be5+ Ka8 25. cxd5 Bxd5 26. Bxd5+ Qxd5 27. Qe4
Rh4 28. Nh2 Rf8 29. Bg3 Rh3 30. Kg2 Rh7 31. Qxd5+ exd5 32. Re5 Rhf7 33. Rxd5
Bxf2 34. Rc8+ Kb7 35. Rcxd8 Bxg3 36. Rxf8 Rxf8 37. Kxg3 Rc8 38. Rd3 b5 39. a3
a5 40. Nf3 b4 41. axb4 axb4 42. Nxg5 Rc3 43. Rf3 Kc6 44. Ne4 Rxf3+ 45. Kxf3 Kd5
46. g5 Kd4 47. g6 Kd3 48. g7 Kc2 49. g8=Q Kb2 50. Qc4 Ka3 51. Nc5 Ka2 52. Nd3
Ka3 53. Ke3 Ka2 54. Qc2+ Ka3 55. Qb2# 1-0